000 01264cam a2200361 i 4500
001 29610
003 Mx-PuUPA
005 20250923123044.0
008 140415s2005 pe gr 000 0bspa d
017 _a2005-5471
020 _a9972462889
040 _cMx-PuUPA
_aMx-PuUPA
_bspa
_dMx-PuUPA
_erda
041 0 _aspa
043 _as-pe---
100 1 _aHirschhorn, Gérald,
_d1941-
_917461
_eautor
245 1 0 _aSebastián Salazar Bondy :
_bpasión por la cultura /
_cGérald Hirschhorn ; editor, Odín R. del Pozo O.
250 _aPrimera edición /
_bagosto
264 1 _aLima, Perú :
_bCentro de Producción Fondo Editorial : Instituto Francés de Estudios Andinos,
_c2005
300 _a256 páginas ;
_c23 cm
336 _2rdacontent
_atexto
_btxt
337 _2rdamedia
_asin medio
_bn
338 _2rdacarrier
_avolumen
_bnc
490 0 _aCoediciones
600 1 4 _aSalazar Bondy, Sebastián,
650 7 _2armarc
_aAutores peruanos
_ySiglo XX
_vBiografía
650 7 _2armarc
_aCríticos
_zPerú
700 1 _aPozo O. del, Odín,
_eeditor
942 _2ddc
_cLI
_h920.980889868
_iB67
999 _c29610
_d29610